00449nam a2200181 a 4500001001300000003000900013005001700022008004100039020001000080082001600090100001800106245002500124260003200149300000900181500003500190650002400225700001800249nice12345678IN_TiNIC20260116015143.0071005s1988 lona grp 000 0 eng  ac10000a955.05bSIM aSimpson, John aBehind Iranian Lines aLondonbFontana Booksc1988 a398p aincludes index and biblioraphy aIran-History-Modern1 aSimpson, John